000 01377cam a2200277 i 4500
003 SA-RiAUC
005 20260119121450.0
008 251230s1899 ua g 00000 ara c
040 _aSA-RiAUC
_bara
_cSA-RiAUC
_erda
082 0 4 _a245
_qSA-RiAUC
090 _aم ن 245 ش ي خ
_b ش ي خ
100 1 _aشيخ زادة، عبد الرحيم بن علي بن المؤيد،
_dتوفي 944 هجري
_eمؤلف.
245 1 0 _aكتاب نظم الفرائد وجمع الفوائد في بيان المسائل التي وقع فيها الاختلاف بين الماتريدية والأشعرية في العقائد مع ذكر أدلة الفريقين /
_cلعبد الرحيم بن علي شيخ زادة.
250 _aالطبعة الأولى.
264 1 _aالقاهرة :
_bمطبعة المكتبة الأدبية،
_c1899
300 _a60 صفحة ؛
_c24 سم
336 _aنص
_btxt
_2rdacontent
_3كتاب
337 _aبدون وسيط
_bn
_2rdamedia
338 _aمجلد
_bnc
_2rdacarrier
351 _bمرتبة بنظام التعقيبات.
650 7 _aعلم الكلام
_2aucsh
856 4 _uhttp://10.10.10.21/hipres/889/book.Web/bookTestPage.html
942 _2ddc
_cRBOOK COPY
_n0
949 _aSA-JeALM
_d251230
_umohamedma123
_n1
999 _c14092
_d14092